Synthes and characterisation of wterborne plyurethane ahesives from hdroxyl terminated ntural rbber (Record no. 70121)

MARC details
000 -LEADER
fixed length control field 02027nam a2200229Ia 4500
100 ## - MAIN ENTRY--AUTHOR NAME
Personal name Kaenhin L
245 #0 - TITLE STATEMENT
Title Synthes and characterisation of wterborne plyurethane ahesives from hdroxyl terminated ntural rbber
260 ## - PUBLICATION, DISTRIBUTION, ETC. (IMPRINT)
Name of publisher Journal of Rubber Research
Year of publication 2012
300 ## - PHYSICAL DESCRIPTION
Number of Pages 217-229
520 ## - SUMMARY, ETC.
Summary, etc Waterborne polyurethane adhesives weresynthesised by an isocyanate terminated polyurethane prepolymer process using 2,2-bis (hydroxymethyl) propionic acid (DMPA) as an internal emulsifier and chain extension by 1,4- diaminobutane. The different characteristics polyols such as hydroxyl terminated natural rubber (HT) with various number average molecular weight(Mn) at 600 (HT600) and 100 g/mol (HT1000) and epoxidised HT (eHT) with 10 (10eHT) and 37 (37 eHT) percentages of epoxidation were synthesised from natural rubber latex (NRL) for preparing the WPUA. Fourier transform infrared spectroscopy (FTIR) and proton nuclear magnetic resonance spectroscopy (H-NMR) techniwues were used to characterise the chemical structures. The pH value, mean particle size, viscosity, glass transition temperature (Tg), T-peel strength and lap shearstrength of the WPUAs were measured. The WPUAs had pH values of about 7.80 to 8.50. The mean particle size of the WPUAs depended on the DMPA content. At higher DMPA content, a smaller mean particle size was obtained. The Tg of WPUAs exhibited the same trend values of HT and eHT. T-peel strength and lap shear strenth of adhesives were measured by bonding of leather to leather. It was found that WPUA600 and WPUA1000 showed good adhesion. thus, HT and eHT prepared from NRL can be used to prepare WPUA for the footwear industry.
650 ## - SUBJECT ADDED ENTRY--TOPICAL TERM
Topical Term Hydroxyl terminated natural rubber
650 ## - SUBJECT ADDED ENTRY--TOPICAL TERM
Topical Term polyurethane dispersion
650 ## - SUBJECT ADDED ENTRY--TOPICAL TERM
Topical Term waterborne polyurethane
700 ## - ADDED ENTRY--PERSONAL NAME
Personal name Campistron I
700 ## - ADDED ENTRY--PERSONAL NAME
Personal name Klinpituksa P
700 ## - ADDED ENTRY--PERSONAL NAME
Personal name Laguerre A
700 ## - ADDED ENTRY--PERSONAL NAME
Personal name Pilard JF
700 ## - ADDED ENTRY--PERSONAL NAME
Personal name Rungvichaniwat A
700 ## - ADDED ENTRY--PERSONAL NAME
Personal name Saetung A
942 ## - ADDED ENTRY ELEMENTS (KOHA)
Koha item type Journals
Holdings
Withdrawn status Lost status Damaged status Not for loan Home library Current library Shelving location Date acquired Serial Enumeration / chronology Koha item type
      Journals RRII Library RRII Library Rubber technology 30/07/2013 Volume 15, Issue 4 Journals